00000000nam 2200000za 4500
0019.852703
003CaOODSP
00520221107154640
007cr |||||||||||
008180301m19561973oncb   #o    f000 0 eng d
040 |aCaOODSP|beng
043 |an-cn---
0861 |aR32-450/1956E-PDF
24500|aOld Crow |h[electronic resource] : |bgeneral information.
260 |a[Ottawa?] : |bDepartment of DIAND, |c1956-1973.
300 |a1 v. (various pagings) : |bmaps
500 |aTitle from cover.
500 |aDigitized edition from print [produced by Indigenous and Northern Affairs Canada].
520 |aCopies of various historical documents, letters, and maps related to the Old Crow Indian settlement reserve.
69207|2gccst|aAboriginal reserves
69207|2gccst|aLand claims
69207|2gccst|aCanadian history
7101 |aCanada. |bIndian and Northern Affairs Canada.
85640|qPDF|s11.76 MB|uhttps://publications.gc.ca/collections/collection_2018/aanc-inac/R32-450-1956-eng.pdf